Harry Potter Sorting Gallery Quiz Stats

 Plays Quiz Updated Feb 3, 2016

Challenge
Share
Tweet
Embed
Score 0/78 Timer 07:00
84 Plays Today
% Correct
Astronomy
98.1%
Care of Magical Creatures
97.7%
Defense Against the Dark Arts
97.7%
Arithmancy
97.4%
History of Magic
97.2%
Herbology
96.7%
Muggle Studies
96.6%
Transfiguration
96.2%
Ancient Runes
95.8%
Divination
95.5%
Charms
95.4%
Potions
94.1%
Expelliarmus
92.7%
Expecto Patronum
92.4%
Gillyweed
92.4%
Gurdyroot
91.3%
Deathly Hallows Part 1
91.3%
Deathly Hallows Part 2
91.3%
Chamber of Secrets
91.1%
Half-Blood Prince
90.8%
Order of the Phoenix
90.8%
Prisoner of Azkaban
90.7%
Avada Kedavra
90.7%
Goblet of Fire
90.3%
Sorcerer's Stone
90.2%
Alohomora
89.6%
Confundo
89.6%
Mandrake
89.6%
Devil's Snare
89.4%
Finite Incantatem
89.2%
Bloody Baron
89.2%
Sir Nicholas
88.8%
Imperio
88.6%
Grey Lady
88.4%
Snape
87.4%
Dobby
87.1%
Diary
87%
Dirigible Plum
87%
Obliviate
86.9%
% Correct
Whomping Willow
86.8%
Lupin
85.9%
Petrificus Totalus
85.8%
Locket
85.6%
Myrtle
85.6%
Cup
85.4%
Ring
85.3%
Lockhart
85.3%
Snitch
85.3%
Fat Friar
85%
Sir Patrick
85%
Umbridge
84.2%
Fluffy
84%
Fang
84%
Bludger
84%
Diadem
83.7%
Aragog
83.6%
Crouch (as Moody)
83.5%
Quaffle
83.4%
Bubotuber
83.4%
Buckbeak
82.9%
Venomous Tentacula
82.7%
Quirrell
82.6%
Harry
82%
Nagini
81.9%
Kreacher
81.8%
Lumos
81.6%
Voldemort
81.1%
Peeves
80.4%
Snargaluff
78.9%
Grawp
78.8%
Mimbulus mimbletonia
77.7%
Winky
76.6%
Wailing Widow
75.9%
Norbert
70.6%
Professor Binns
70.1%
Hokey
69%
Dittany
65.5%
Karkus
65.2%

You're not logged in!

Compare scores with friends on all Sporcle quizzes.
OR
Log In

You Might Also Like...

Show Comments

Extras

Top Quizzes Today


Score Distribution

Your Account Isn't Verified!

In order to create a playlist on Sporcle, you need to verify the email address you used during registration. Go to your Sporcle Settings to finish the process.

Report this User

Report this user for behavior that violates our Community Guidelines.

Details: